| 000 | 01213nam a22002897a 4500 | ||
|---|---|---|---|
| 005 | 20240530110454.0 | ||
| 008 | 150531s2009 ua ad g 000 0 ara d | ||
| 017 |
_a2008/8592 _bمصر . دار الكتب المصرية |
||
| 020 | _a9773373312 | ||
| 040 | _aEG-CaGPL | ||
| 082 | 0 | 4 |
_221 _a658.154\ _bخ إ |
| 245 | 0 | 0 |
_aاعداد الموازنات التخطيطية للمنشات الفندقية / _cاعداد المادة العلمية خبراء مركز الخبرات المهنية للادارة بميك ؛ المستشار العلمى عبدالرحمن توفيق |
| 250 | _aط1 | ||
| 260 |
_aالقاهرة : _bببميك ، _c2009 . |
||
| 300 |
_a77 ص : _bجداول ؛ _c24 سم . |
||
| 490 |
_aسلسلة اصدارات بميك ؛ _v11 |
||
| 650 | 0 | 4 | _aالادارة المالية |
| 650 | 0 | 4 | _aالميزانيات التقديرية |
| 650 | 0 | 4 | _aالمالية العامة |
| 650 | 0 | 4 | _aالميزانية |
| 650 | 0 | 4 |
_aالميزانية _xتخطيط و تنظيم |
| 650 | 0 | 4 | _aالنفقات العامة |
| 700 | 0 |
_aعبدالرحمن توفيق _eمستشار علمى |
|
| 710 | 0 | _aبميك | |
| 942 |
_2ddc _cBK |
||
| 999 |
_c61332 _d61332 |
||